| 000 | 00849nam a22002535a 4500 | ||
|---|---|---|---|
| 008 | 170122s2016 nyua||||rb||| 001 0 eng d | ||
| 020 | _a1681174189 | ||
| 020 | _a9781681174181 | ||
| 040 |
_aEG-ScBUE _beng _cEG-ScBUE |
||
| 082 | 0 | 4 |
_222 _a622.33819 _bNAT |
| 245 |
_a Natural Gas Hydrates in Flow Assurance / _cEditor, Girish Oak. |
||
| 260 |
_aValley Cottage, New York : _bSCITUS Academics LLC, _c2016. |
||
| 300 |
_a198 p. : _bill. ; _c19 cm. |
||
| 500 | _aIndex : p. 197-198. | ||
| 504 | _aIncludes bibliographical references. | ||
| 590 | _aWessam | ||
| 650 | 7 |
_2BUEsh _928456 _aNatural gas _xHydrates. |
|
| 650 | 7 |
_95207 _aGas flow. _2BUEsh |
|
| 650 | 7 |
_941781 _aPetroleum pipelines _xFluid dynamics. _2BUEsh |
|
| 651 | _2BUEsh | ||
| 653 |
_bENGPET _cJanuary2017 |
||
| 700 | 1 |
_941780 _aOak, Girish. _eeditor. |
|
| 942 |
_2ddc _e22 _k622.33819 NAT |
||
| 999 |
_c23985 _d23957 |
||